LEADER 00849nam0-22003011i-450- 001 990005298030403321 005 20060921145214.0 035 $a000529803 035 $aFED01000529803 035 $a(Aleph)000529803FED01 035 $a000529803 100 $a19990604d1974----km-y0itay50------ba 101 0 $aita 105 $ay-------001yy 200 1 $aCosa leggere sulle religioni$fAlessandro Scurani 210 $aMilano$cEditrice Bibliografica$dc.1974 215 $a216 p.$d17 cm 225 1 $aCosa leggere$v2 610 0 $aReligioni$aBibliografia 676 $a016.2$v21$zita 700 1$aScurani,$bAlessandro$0206416 801 0$aIT$bUNINA$gRICA$2UNIMARC 901 $aBK 912 $a990005298030403321 952 $a016.2 SCU 1$bST.REL. 2019$fFLFBC 959 $aFLFBC 996 $aCosa leggere sulle religioni$9536848 997 $aUNINA LEADER 01198nam0 2200313 450 001 000021102 005 20080516111709.0 100 $a20080319d1976----km-y0itaa50------ba 101 0 $aita 102 $aIT 200 1 $aRivoluzione e cultura in Russia$eLunacarskij e il Commissariato del popolo per l'istruzione, 1917-1921$fSheila Fitzpatrick 210 $aRoma$cEditori Riuniti$d1976 215 $a369 p.$d22 cm 225 2 $aBiblioteca di storia$v60 300 $aTit. orig.: The Commissariat of englightenment 410 1$12001$aBiblioteca di storia$v60 606 1 $aRivoluzione russa 607 $aUnione Sovietica$xCultura$z1917-1921 676 $a947$v(21. ed.)$9Storia dell'Europa orientale Russia 700 1$aFitzpatrick,$bSheila$046835 801 0$aIT$bUniversità della Basilicata - B.I.A.$gRICA$2unimarc 912 $a000021102 996 $aRivoluzione e cultura in Russia$985425 997 $aUNIBAS BAS $aLETTERE CAT $aSTD063$b01$c20080319$lBAS01$h0952 CAT $aTTM$b30$c20080516$lBAS01$h1117 FMT Z30 -1$lBAS01$LBAS01$mBOOK$1BASA1$APolo Storico-Umanistico$2GEN$BCollezione generale$3FM/89958$689958$5L89958$820080319$f02$FPrestabile Generale